000 00276nam a22000977a 4500
999 _c11604
_d11604
008 190820b ||||| |||| 00| 0 eng d
020 _a9781581341126
100 _aMangalwadi Ruth
_97312
245 _aThe Legacy of William Carey
260 _aWheaton, illinois
_bCrossway Books
_c1999